La educación hoy: análisis y propuestas desde una concepción católica
Salvato in:
| Autore principale: | |
|---|---|
| Natura: | Libro |
| Lingua: | spagnolo |
| Pubblicazione: |
Buenos Aires
Agape Libros
2012
|
| Edizione: | 1a. ed |
| Serie: | Colección En Diálogo, 17
|
| Soggetti: | |
| Tags: |
Aggiungi Tag
Nessun Tag, puoi essere il primo ad aggiungerne!!
|
MARC
| LEADER | 00000cam a2200000 a 4500 | ||
|---|---|---|---|
| 001 | UCE9165 | ||
| 003 | CL-VaPUC | ||
| 008 | 151002e20120000ag |||||||||||||||||spa|d | ||
| 020 | |a 9789876402460 | ||
| 082 | 0 | 4 | |a 370.1 |b ZAN |2 21 |
| 100 | 0 | |a Zani, Angelo Vincenzo |e author |9 581889 | |
| 245 | 1 | 3 | |a La educación hoy: análisis y propuestas desde una concepción católica |
| 250 | |a 1a. ed | ||
| 300 | |a 96 p | ||
| 942 | |c BK | ||
| 945 | |d 20151002 15:56:00 |a dcastane | ||
| 260 | |a Buenos Aires |b Agape Libros |c 2012 | ||
| 650 | 0 | |a Filosofía de la educación |9 258384 | |
| 650 | 7 | |a EDUCACION CRISTIANA |2 CL-VaPUC |9 308333 | |
| 583 | |a last modification |c 20151002 15:56:00 |k Rodrigo Vera | ||
| 490 | 0 | |a Colección En Diálogo, 17 | |
| 999 | |c 360856 |d 360854 | ||
| 952 | |0 0 |1 0 |3 erb |4 0 |6 370_100000000000000_ZAN_2012 |7 0 |8 A |9 470972 |a BIBTEO |b BIBTEO |i 5202507 |o 370.1 ZAN 2012 |p 5202507 |r 2025-01-17 |w 2019-11-24 |y BK |z Catalogado en:20151002 |k ICR | ||